Tercer concurs local d'aprenents : celebrat a Sabadell l'any 1923 celebrat a Sabadell l'any 1923
Descripción Física:
10 p. ; 20 cm
Materias:
Orientació professional
MARC
| LEADER | 00000nam a2200000Ia 4500 | ||
|---|---|---|---|
| 001 | 22853 | ||
| 003 | BGR | ||
| 005 | 20260410113637.0 | ||
| 008 | 160829s1923 xx 000 0 cat d | ||
| 080 | |a RF-16-15 | ||
| 245 | |a Tercer concurs local d'aprenents : |b celebrat a Sabadell l'any 1923 | ||
| 260 | |a Sabadell : |b Institut d'Orientació Professional, |c 1923 | ||
| 300 | |a 10 p. ; |c 20 cm | ||
| 590 | |a Prové de 3754, exp. 5 | ||
| 650 | |a Orientació professional |9 27407 | ||
| 710 | 2 | |a Institut d'Orientació Professional (Barcelona) |9 71099 | |
| 856 | 4 | |u https://media.diba.cat/diba/fitxers/arxiu/fulletons/bib_22853_1923_baixa.pdf |y Accés lliure | |
| 856 | 4 | |u https://media.diba.cat/diba/fitxers/arxiu/fulletons/bib_22853_1923_baixa.pdf |y Accés lliure | |
| 900 | |a bib_22853_1923_baixa.pdf | ||
| 901 | |a Arxiu | ||
| 942 | |n 1 |2 udc |c MON | ||
| 952 | |0 0 |1 0 |4 0 |6 RF1615 |7 1 |9 54151 |a Arxiu |b Arxiu |d 2016-12-01 |l 0 |o RF-16-15 |p 22853 |r 2016-12-01 00:00:00 |w 2016-12-01 |y ARXIU | ||
| 999 | |c 58020 |d 58020 | ||